| 000 | 00430nam a2200181Ia 4500 | ||
|---|---|---|---|
| 008 | 210210b1908 xxu||||| |||| 00| 0 eng d | ||
| 041 | _aeng | ||
| 082 | _a940/1 | ||
| 100 | _aACTON (J E E D) | ||
| 245 | _aHistorical essays and studies | ||
| 260 |
_aLondon _bMacmillan & Co. Ltd. _c1908 |
||
| 650 | _astudies | ||
| 650 | _aHistorical | ||
| 650 | _aessays | ||
| 650 | _aand | ||
| 690 | _aEuropean History | ||
| 906 | _a025071 | ||
| 999 |
_c150903 _d150903 |
||